000 00587nam a2200205Ii 4500
003 JO-AjNU
008 230606s9999||||xx |||||||||||||| ||und||
020 _a978-81-203-3654-4
040 _aJO-AjNU
_beng
_erda
_cJO-AjNU
041 _aeng
050 1 4 _aT58.6.2009
100 3 _ajoseoh,P.T,
_eauthor
_9397
245 0 0 _amanagement information system In Konwledge Economy
264 3 1 _aNewdelhi:phl.2009
300 _a548p
336 _atext
_btxt
_2rdacontent
337 _aunmediated
_bn
_2rdamedia
338 _avolume
_bnc
_2rdacarrier
650 4 _amanagement information system
_9398
999 _aE212
_c212
_d212